000 00716nam a22002177a 4500
005 20130529111116.0
010 _aENG-107137
020 _a9781445444314
_c795.00
035 _aEN-90670
037 _bDBAD/PUB
082 _a636.1
100 _aSwinney, Nicola Jane
245 1 0 _aHorses /
_cby Nicola Jane Swinney ; edited by Kate Green ; photographed by Bob Langrish
260 _aUK
_bParragon Books
_c2011
270 _aRhythm Book Distributors, Old no. 4, new no. 5, Jeenis Road, Saidapet
_bChennai
_e600015
300 _a253p.:
_c28cm(pbk)
_bcol.ill.
_e1CD-ROM
650 _aHorse breeds
650 _a Horses
_vPictorial works.
700 _aGreen, Kate
942 _2ddc
_cEN
_mSWI
_h636.1
999 _c75580
_d75580